000 00506nam a22001937a 4500
003 CEME
005 20210628202536.0
008 210122b xxu||||| |||| 00| 0 eng d
020 _a81-7319-654-0
040 _c.
082 _a530.141 LAH
100 _aLahiri, Amitabha Pal, Palash .B
_960413
245 _aA first book of quantum field theory
250 _a2ND
260 _aNEW DELHI
_bNAROSA PUBLISHING
_c2005
300 _aXVII,380 P
650 _aQUANTUM FIELD THEORY
_960414
942 _cBK
_2ddc
999 _c570136
_d570136